| 000 | 00474nam a2200193Ia 4500 | ||
|---|---|---|---|
| 005 | 20240823053012.0 | ||
| 008 | 240823s9999||||xx |||||||||||||| ||und|| | ||
| 020 | _a978-93-81695-71-5 | ||
| 041 | _aENGLISH | ||
| 082 | _A005.43 Q5 | ||
| 100 | _aNeetu Singh | ||
| 245 | 0 | _aOperating System | |
| 250 | _a2nd | ||
| 260 |
_c2015 _bGlobal Academic Publishers & Distrib |
||
| 500 | _aYES | ||
| 650 |
_aOperating Systems _bComputer Science |
||
| 942 | _cBK | ||
| 999 |
_c223179 _d223179 |
||